| 000 | 00377 a2200145 4500 | ||
|---|---|---|---|
| 003 | Nust | ||
| 005 | 20170207153357.0 | ||
| 040 | _cNust | ||
| 082 | _a005.1 | ||
| 100 | _aYounis , Usman BESE-06 | ||
| 245 |
_aReal time visual tracking of high speed objects _cUsman Yaounis & Haider Ali Razvi |
||
| 538 | _aAlmirah No.71 Shelf No.4 | ||
| 650 | _a UG Projects | ||
| 651 | _a UG CS Projects | ||
| 942 | _cPRG | ||
| 999 |
_c184800 _d184800 |
||